Poistenie

Bibliographic Details
Main Authors: Laučíková, Margita, 1930- (Author), Vostatek, J. (Author)
Format: Book
Language:Slovak
PhysicalDescription:201 s. 29 cm
Published: Bratislava Vysoká škola ekonomická 1982
Edition:1. vyd.
Series:Vysokoškolské skriptá
Subjects:

MARC

LEADER 00000cam a2200000 a 4500
001 vtls001098721
003 SK-MaSNL
005 20260301233135.0
008 250414s1982 xo p 00000 slo
015 |a SNBA1982/08 
035 |a SNK000041563 
040 |a SNK  |b slo  |c SNK  |e AACR2 
041 0 |a slo 
044 |a xo  |c SK 
080 |a 368(075.8)(076.5)  |2 1981 
100 1 |a Laučíková, Margita,  |d 1930-  |4 aut  |9 49208 
245 1 0 |a Poistenie  |c Margita Laučíková, J. Vostatek 
250 |a 1. vyd. 
260 |a Bratislava  |b Vysoká škola ekonomická  |c 1982  |e Bratislava  |f Edičné stredisko VŠE 
300 |a 201 s.  |c 29 cm 
366 |e 200 výtl. 
490 1 |a Vysokoškolské skriptá 
504 |a Obsahuje bibliografiu 
650 0 7 |a poistenie  |2 SNKPH  |9 1690 
655 7 |a učebnice vysokých škôl  |2 SNKPH  |9 70191 
655 7 |a Textbooks (higher)  |2 SNKPHeng  |9 276436 
700 1 |a Vostatek, J.  |4 aut  |9 515034 
830 0 |a Vysokoškolské skriptá  |9 276440 
852 |a Slovenská národná knižnica 
954 |a odborná, vedecká literatúra pôvodná (slovenská)  |2 lita 
958 |a OND 
958 |a RM 
958 |a UV 
999 |c 964714  |d 966644 
952 |a SNK  |b SNK  |y PREZ  |7 0  |p 17A0983598  |o snkSB 34029  |i snkKSP 6470/82  |0 0  |1 0  |4 0  |d 2014-05-07  |f 1  |l 0  |r 2025-04-09 00:00:00  |w 2026-02-24 
952 |a SNK  |b SNK  |y VYP  |7 0  |o snkSB 34029 D1  |i snkKSP 6471/82  |0 0  |1 0  |4 0  |d 2014-05-07  |l 0  |r 2026-02-24 10:33:16  |w 2026-02-24